000 00977nam a2200301 i 4500
001 000011535
003 DO-SdBNP
005 20250717074015.0
007 ta
008 091020s1986 dr 000 f spa d
040 _aDO-SdBNP
_bspa
_cBNPHU
_erda
041 _hspa
082 4 _aRD863.44
_bC764t
_222
100 1 _aContreras, Hilma,
_d1913-2006
_eautor
_4aut.
_914873
245 1 3 _aLa tierra está bramando /
_cHilma Contreras.
264 4 _aSanto Domingo :
_bBiblioteca Nacional Pedro Henríquez Ureña (BNPHU),
_c©1986.
300 _a130 páginas ;
_c21 cm.
336 _atexto
_btxt
_2rdacontent
337 _asin mediación
_bn
_2rdamedia
338 _avolumen
_bnc
_2rdacarrier
490 0 _aColección Orfeo
590 _aInventariado, 2019/VM
650 7 _aNovela dominicana
_9223
650 7 _aLiteratura dominicana.
_967
710 2 _aBiblioteca Nacional Pedro Henríquez Ureña
_981292
910 _aValidado. Control de calidad MMOLINA
942 _2ddc
_cLBS1
999 _c11230
_d11230